Objeto no identificado y otros cuentos de ciencia ficción
Na minha lista:
| Formato: | Livro |
|---|---|
| Idioma: | Undetermined |
| Publicado em: |
San José, Costa Rica
EUNED
2011
|
| Assuntos: | |
| Tags: |
Adicionar Tag
Sem tags, seja o primeiro a adicionar uma tag!
|
MARC
| LEADER | 00000nam a2200000Ia 4500 | ||
|---|---|---|---|
| 008 | 170316s9999 xx 000 0 und d | ||
| 999 | |c 30757 |d 30757 | ||
| 020 | |a 978-9968-31-870-9 | ||
| 040 | |a cru BVZT | ||
| 090 | |a 868 O-1.2o | ||
| 245 | |a Objeto no identificado y otros cuentos de ciencia ficción |c Mariana Castillo Rojas, Jessica Clark, Manuel Delgado, Daniel Garro Sánchez, Iván Molina Jiménez, Alberto Ortiz Sandí, Laura Quijano Vicenzi, Evelyn Ugalde Barrantes | ||
| 260 | |a San José, Costa Rica |b EUNED |c 2011 | ||
| 300 | |a 107 páginas | ||
| 650 | |a LITERATURA COSTARRICENSE |9 17 | ||
| 650 | 0 | |a CIENCIA FICCIÓN |9 117 | |
| 650 | 0 | |a CUENTOS |9 271 | |
| 942 | 0 | 0 | |2 z |c 15 D |



